[Event "IECC CL5-2004.18 email"]
[Site "IECC email"]
[Date "2004.06.28"]
[Round "?"]
[White "Van Gimst, Herman"]
[Black "Filgueira, Horacio"]
[Result "1-0"]
[WhiteElo "1443"]
[BlackElo "1461"]
[PlyCount "59"]
[EventDate "2004.??.??"]
[EventType "tourn (corr)"]
[EventRounds "4"]
[SourceTitle "Corr 2008"]
[Source "ChessBase"]
[SourceDate "2008.06.24"]
[SourceVersion "1"]
[SourceVersionDate "2008.06.24"]
[SourceQuality "1"]

1. d4 Nf6 2. c4 c5 3. Nf3 g6 4. Nc3 Bg7 5. dxc5 Qa5 6. Bd2 Qxc5 7. Na4 Qc7 8. e3 Ne4 9. Nd4 Nxd2 10. Qxd2 a6 11. c5 0-0 12. Nb6 Ra7 13. Rc1 Nc6 14. g3 Qe5 15. Rc4 Qe4 16. Nxc6 Qxc6 17. e4 Qf6 18. b4 Qf3 19. Rg1 Qh5 20. Qe3 Qxh2 21. c6 dxc6 22. Nxc8 Rxc8 23. Rg2 Qh5 24. Qxa7 Rd8 25. g4 Qh1 26. Rc1 Bd4 27. Qxb7 Qh4 28. Qc7 e5 29. Rxc6 Be3 30. Rd6 1-0

[Event "IECC CL6-2004.12 email"]
[Site "IECC email"]
[Date "2004.05.19"]
[Round "?"]
[White "Pegado, Sergio Rodrigo"]
[Black "Van Gimst, Herman"]
[Result "0-1"]
[WhiteElo "1268"]
[BlackElo "1459"]
[PlyCount "64"]
[EventDate "2004.??.??"]
[EventType "tourn (corr)"]
[EventRounds "4"]
[SourceTitle "Corr 2008"]
[Source "ChessBase"]
[SourceDate "2008.06.24"]
[SourceVersion "1"]
[SourceVersionDate "2008.06.24"]
[SourceQuality "1"]

1. d4 Nf6 2. c4 e6 3. Nf3 b6 4. e3 Bb7 5. Bd3 d5 6. cxd5 Nxd5 7. Nc3 Bb4 8. 0-0 Nxc3 9. bxc3 Bxc3 10. Rb1 Nd7 11. Ne5 Nxe5 12. dxe5 Qd5 13. Be4 Qxe4 14. Qf3 Qxf3 15. gxf3 Ba6 16. Rd1 Be2 17. Bd2 Bxd1 18. Bxc3 Bxf3 19. a4 0-0 20. a5 Rab8 21. axb6 axb6 22. h4 c5 23. Rb3 b5 24. Ba5 b4 25. e4 Bxe4 26. f3 Bd5 27. Rd3 Rb5 28. Bc7 b3 29. Bd6 b2 30. Rd1 Ra8 31. Kg2 Ra1 32. Rxa1 bxa1Q 0-1

[Event "IECC CL6-2004.12 email"]
[Site "IECC email"]
[Date "2004.05.19"]
[Round "?"]
[White "Van Gimst, Herman"]
[Black "Vlaar, Nick T"]
[Result "1-0"]
[WhiteElo "1496"]
[BlackElo "1197"]
[PlyCount "51"]
[EventDate "2004.??.??"]
[EventType "tourn (corr)"]
[EventRounds "4"]
[SourceTitle "Corr 2008"]
[Source "ChessBase"]
[SourceDate "2008.06.24"]
[SourceVersion "1"]
[SourceVersionDate "2008.06.24"]
[SourceQuality "1"]

1. d4 Nf6 2. c4 e6 3. Nc3 Bb4 4. e3 c6 5. a3 Ba5 6. Bd3 b5 7. cxb5 Nd5 8. Nge2 Ne7 9. 0-0 0-0 10. Nf4 d5 11. Bd2 Bc7 12. Rc1 Qd7 13. Qh5 g6 14. Qh6 f5 15. Na4 Bd6 16. Nc5 Bxc5 17. Rxc5 cxb5 18. Bxb5 Qd6 19. Bb4 Qb6 20. Rc2 Qxb5 21. Rxc8 Rxc8 22. Nxe6 Qxf1+ 23. Kxf1 Rc1+ 24. Ke2 Kf7 25. Qxh7+ Kxe6 26. Qxe7# 1-0

[Event "IECC KO-2055"]
[Site "IECC email"]
[Date "2004.03.13"]
[Round "?"]
[White "Poblete, Litos"]
[Black "Van Gimst, Herman"]
[Result "1/2-1/2"]
[WhiteElo "1497"]
[BlackElo "1353"]
[PlyCount "102"]
[EventDate "2004.??.??"]
[EventType "match (corr)"]
[EventRounds "2"]
[SourceTitle "Corr 2020"]
[Source "ChessBase"]
[SourceDate "2019.09.30"]
[SourceVersion "1"]
[SourceVersionDate "2019.09.30"]
[SourceQuality "1"]
[WhiteTeam "Philippines"]
[BlackTeam "Netherlands"]
[WhiteTeamCountry "PHI"]
[BlackTeamCountry "NED"]

1. e4 c5 2. Nf3 d6 3. d4 cxd4 4. Nxd4 Nf6 5. Nc3 a6 6. Be2 e5 7. Nb3 Be7 8. 0-0 0-0 9. Be3 Nc6 10. f3 h6 11. Qd2 Qc7 12. Rfd1 Bd7 13. Nd5 Nxd5 14. exd5 Na7 15. a4 Bg5 16. c4 Bxe3+ 17. Qxe3 b6 18. a5 Rfb8 19. axb6 Qxb6 20. Rd3 Nc8 21. Kf2 Qxe3+ 22. Rxe3 Ne7 23. Ra2 Ra7 24. Nd2 a5 25. Rea3 a4 26. b3 Rb4 27. bxa4 Rbxa4 28. Rxa4 Rxa4 29. Rxa4 Bxa4 30. Ne4 Nc8 31. c5 dxc5 32. Nxc5 Bc2 33. Nb7 Ba4 34. d6 Nb6 35. Nc5 Bc6 36. Ba6 g6 37. g3 Kg7 38. Bb7 Bxb7 39. Nxb7 Nd7 40. Nd8 f5 41. Ke3 Kf6 42. Kd3 Nb6 43. Kc3 g5 44. Kb4 e4 45. fxe4 fxe4 46. Kc5 e3 47. Kxb6 e2 48. d7 e1Q 49. Nc6 Qb1+ 50. Kc7 Qh7 51. Kc8 Qf5 1/2-1/2

[Event "IECC CL7-2004.02 email"]
[Site "IECC email"]
[Date "2004.02.03"]
[Round "?"]
[White "Van Gimst, Herman"]
[Black "Baznik Wilson, Anthony J"]
[Result "1-0"]
[WhiteElo "1106"]
[BlackElo "1003"]
[PlyCount "23"]
[EventDate "2004.??.??"]
[EventType "tourn (corr)"]
[EventRounds "4"]
[SourceTitle "Corr 2008"]
[Source "ChessBase"]
[SourceDate "2008.06.24"]
[SourceVersion "1"]
[SourceVersionDate "2008.06.24"]
[SourceQuality "1"]

1. d4 d5 2. c4 e6 3. Nc3 Nc6 4. c5 Nf6 5. Nf3 b6 6. Ne5 Nxe5 7. dxe5 Nd7 8. cxb6 Nxb6 9. e4 Bb4 10. Qg4 0-0 11. Bh6 f5 12. Qxg7# 1-0

[Event "IECC KO-5040"]
[Site "IECC email"]
[Date "2003.12.19"]
[Round "?"]
[White "Jensen, Jeff"]
[Black "Van Gimst, Herman"]
[Result "0-1"]
[WhiteElo "1402"]
[BlackElo "1360"]
[PlyCount "78"]
[EventDate "2003.??.??"]
[EventType "match (corr)"]
[EventRounds "2"]
[SourceTitle "Corr 2020"]
[Source "ChessBase"]
[SourceDate "2019.09.30"]
[SourceVersion "1"]
[SourceVersionDate "2019.09.30"]
[SourceQuality "1"]
[WhiteTeam "Australia"]
[BlackTeam "Netherlands"]
[WhiteTeamCountry "AUS"]
[BlackTeamCountry "NED"]

1. d4 Nf6 2. c4 e6 3. Nc3 Bb4 4. a3 Bxc3+ 5. bxc3 0-0 6. Nf3 b6 7. g3 d5 8. Bg2 dxc4 9. Ne5 Nd5 10. Bd2 b5 11. a4 f6 12. Nf3 c6 13. e4 Nb6 14. axb5 cxb5 15. e5 Bb7 16. 0-0 fxe5 17. Nxe5 Bxg2 18. Kxg2 Qd5+ 19. Kg1 N8d7 20. Re1 a5 21. Qg4 Nf6 22. Qe2 Ra6 23. Bc1 Nbd7 24. Nxd7 Qxd7 25. Ba3 Rfa8 26. Qe5 b4 27. Bb2 Nd5 28. Rac1 b3 29. Qe2 Qc6 30. Qe5 a4 31. Ba3 Nc7 32. Ra1 Nb5 33. Qe3 Rb8 34. Qe5 Raa8 35. Qe3 Nxa3 36. Rxa3 Qd6 37. Raa1 a3 38. Qd2 b2 39. Rad1 a2 0-1

[Event "IECC CL8-2003.25 email"]
[Site "IECC email"]
[Date "2003.12.02"]
[Round "?"]
[White "Van Gimst, Herman"]
[Black "Booth, Grahame"]
[Result "1-0"]
[WhiteElo "1017"]
[BlackElo "902"]
[PlyCount "23"]
[EventDate "2003.??.??"]
[EventType "tourn (corr)"]
[EventRounds "4"]
[SourceTitle "Corr 2008"]
[Source "ChessBase"]
[SourceDate "2008.06.24"]
[SourceVersion "1"]
[SourceVersionDate "2008.06.24"]
[SourceQuality "1"]

1. d4 Nf6 2. c4 Nc6 3. d5 Ne5 4. e4 Nxe4 5. Qd4 f5 6. Qxe5 Rg8 7. Qxf5 Rh8 8. Qxe4 c6 9. Bd3 d6 10. dxc6 b6 11. Qg6+ hxg6 12. Bxg6# 1-0

[Event "IECC KO email"]
[Site "IECC email"]
[Date "2003.11.05"]
[Round "?"]
[White "Van Gimst, Herman"]
[Black "Blackmore, Graham"]
[Result "1-0"]
[WhiteElo "997"]
[BlackElo "1109"]
[PlyCount "73"]
[EventDate "2003.??.??"]
[EventType "tourn (corr)"]
[EventRounds "6"]
[SourceTitle "Corr 2008"]
[Source "ChessBase"]
[SourceDate "2008.06.24"]
[SourceVersion "1"]
[SourceVersionDate "2008.06.24"]
[SourceQuality "1"]

1. e4 c6 2. Nc3 d6 3. d4 Nd7 4. Nf3 e5 5. Bc4 Be7 6. dxe5 dxe5 7. 0-0 Ngf6 8. Ng5 0-0 9. a3 b5 10. Be2 Ne8 11. Nf3 Qc7 12. Be3 Bb7 13. Qd2 Nd6 14. b4 Nb6 15. Nxe5 Nxe4 16. Nxe4 Qxe5 17. Bd3 Na4 18. Rfe1 Rfd8 19. Bg5 Qc7 20. Bxe7 Qxe7 21. Ng5 Qf6 22. Bxh7+ Kf8 23. Bd3 Kg8 24. Qe3 Nb6 25. Qe4 g6 26. Qh4 Re8 27. Qh7+ Kf8 28. Ne4 Qg7 29. Qh4 Qd4 30. Rad1 Rad8 31. Be2 Rxe4 32. Rxd4 Rdxd4 33. Qh8+ Ke7 34. Qb8 Rxe2 35. Rxe2+ Kd7 36. Qxb7+ Kd8 37. Re1 1-0

[Event "IECC KO email"]
[Site "IECC email"]
[Date "2003.03.04"]
[Round "?"]
[White "Holt, John"]
[Black "Van Gimst, Herman"]
[Result "0-1"]
[WhiteElo "893"]
[BlackElo "1079"]
[PlyCount "97"]
[EventDate "2003.??.??"]
[EventType "tourn (corr)"]
[EventRounds "6"]
[SourceTitle "Corr 2008"]
[Source "ChessBase"]
[SourceDate "2008.06.24"]
[SourceVersion "1"]
[SourceVersionDate "2008.06.24"]
[SourceQuality "1"]

1. d4 d5 2. c4 c6 3. Nd2 dxc4 4. Nxc4 g6 5. Nf3 Bg7 6. e4 Nf6 7. Bd3 0-0 8. 0-0 Bg4 9. b3 Qc7 10. e5 Nd5 11. Bd2 Rd8 12. Ba5 b6 13. Bd2 b5 14. Ba5 Qd7 15. Bxd8 bxc4 16. Bxc4 Qxd8 17. h3 Bxf3 18. Qxf3 e6 19. Bxd5 cxd5 20. Rac1 Qb6 21. Qc3 Nd7 22. a4 Qd8 23. Qc6 a5 24. Qb7 Rb8 25. Qc7 Qe8 26. Rc3 Rb4 27. Qc8 Qxc8 28. Rxc8+ Nf8 29. f4 Rxd4 30. h4 Bh6 31. g3 Rd3 32. Kg2 Rxb3 33. Rfc1 Rb4 34. R1c7 Rxa4 35. Ra7 Bg7 36. Rcc7 d4 37. Rxf7 Bh8 38. Kf2 h6 39. Ke2 g5 40. fxg5 hxg5 41. h5 Bxe5 42. g4 Ra3 43. h6 d3+ 44. Ke3 Bf4+ 45. Kf3 d2+ 46. Ke2 Ra1 47. h7+ Nxh7 48. Rg7+ Kf8 49. Rgf7+ 0-1

[Event "IECC CL6-2003.03 email"]
[Site "IECC email"]
[Date "2003.02.07"]
[Round "?"]
[White "Popp, Tony"]
[Black "Van Gimst, Herman"]
[Result "1-0"]
[WhiteElo "1335"]
[BlackElo "1137"]
[PlyCount "73"]
[EventDate "2003.??.??"]
[EventType "tourn (corr)"]
[EventRounds "4"]
[SourceTitle "Corr 2008"]
[Source "ChessBase"]
[SourceDate "2008.06.24"]
[SourceVersion "1"]
[SourceVersionDate "2008.06.24"]
[SourceQuality "1"]

1. e4 c5 2. b3 d6 3. f4 Nc6 4. Nc3 a6 5. Bb2 e6 6. Nf3 d5 7. d3 Nf6 8. g3 Be7 9. Bg2 0-0 10. Qe2 b5 11. exd5 exd5 12. Ne5 Nd4 13. Qf2 Be6 14. 0-0 Rc8 15. Qd2 Qb6 16. Kh1 Rfd8 17. Ne2 Nf5 18. g4 Nh4 19. f5 Bd7 20. g5 Ne8 21. f6 gxf6 22. Nxd7 Rxd7 23. gxf6 Bxf6 24. Bxf6 Nxf6 25. Qg5+ Ng6 26. Rxf6 Rc6 27. Raf1 Re6 28. Rxe6 fxe6 29. Nf4 Kg7 30. Nh5+ Kh8 31. Qf6+ Kg8 32. Bxd5 Re7 33. Be4 Qd8 34. Bxg6 hxg6 35. Qxg6+ Kh8 36. Qh6+ Kg8 37. Rg1+ 1-0

[Event "IECC KO email"]
[Site "IECC email"]
[Date "2003.01.28"]
[Round "?"]
[White "Van Gimst, Herman"]
[Black "Pons, Francisco"]
[Result "0-1"]
[WhiteElo "1128"]
[BlackElo "1800"]
[PlyCount "68"]
[EventDate "2003.??.??"]
[EventType "tourn (corr)"]
[EventRounds "6"]
[SourceTitle "Corr 2008"]
[Source "ChessBase"]
[SourceDate "2008.06.24"]
[SourceVersion "1"]
[SourceVersionDate "2008.06.24"]
[SourceQuality "1"]

1. d4 Nf6 2. c4 e6 3. Nc3 Bb4 4. e3 0-0 5. Bd3 c5 6. Nf3 d5 7. 0-0 dxc4 8. Bxc4 cxd4 9. Nxd4 Bxc3 10. bxc3 Qc7 11. Qd3 Bd7 12. Rd1 Rc8 13. Bb3 Na6 14. c4 Nc5 15. Qe2 Na4 16. Rd2 Nc3 17. Qd3 Nce4 18. Rb2 Nc5 19. Qc2 e5 20. Nf3 e4 21. Nd4 Nd3 22. Rbb1 Ng4 23. f4 exf3 24. Nxf3 Bf5 25. Qc3 Re8 26. Bb2 Nxb2 27. Rxb2 Rxe3 28. Qd2 Rae8 29. h3 Rd3 30. Qg5 Rxf3 31. gxf3 Qg3+ 32. Kh1 Nf2+ 33. Rxf2 Qxg5 34. Rd1 Bxh3 0-1